Art Deco alphabets : (Record no. 23573)

000 -LEADER
fixed length control field 00858pam a2200253 a 4500
001 - CONTROL NUMBER
control field 498444
003 - CONTROL NUMBER IDENTIFIER
control field OSt
005 - DATE AND TIME OF LATEST TRANSACTION
control field 20170126122608.0
008 - FIXED-LENGTH DATA ELEMENTS--GENERAL INFORMATION
fixed length control field 850819s1985 nju 000 0 eng
010 ## - LIBRARY OF CONGRESS CONTROL NUMBER
LC control number 85021388
020 ## - INTERNATIONAL STANDARD BOOK NUMBER
International Standard Book Number 0915590778 (pbk.) :
Terms of availability $8.95
040 ## - CATALOGING SOURCE
Original cataloging agency DLC
Transcribing agency DLC
Modifying agency DLC
050 00 - LIBRARY OF CONGRESS CALL NUMBER
Classification number NK3625.A7
Item number C67 1985
082 00 - DEWEY DECIMAL CLASSIFICATION NUMBER
Classification number 745.6/197/09042
Edition number 19
100 1# - MAIN ENTRY--PERSONAL NAME
Personal name Copley, Frederick S.
245 10 - TITLE STATEMENT
Title Art Deco alphabets :
Remainder of title a treasury of original alphabets from the 1920s & 30s /
Statement of responsibility, etc. compiled by Frederick S. Copley.
250 ## - EDITION STATEMENT
Edition statement 1st ed.
260 ## - PUBLICATION, DISTRIBUTION, ETC. (IMPRINT)
Place of publication, distribution, etc. Pittstown, N.J. :
Name of publisher, distributor, etc. Main Street Press,
Date of publication, distribution, etc. 1985.
300 ## - PHYSICAL DESCRIPTION
Extent [128] p. ;
Dimensions 28 cm.
650 #0 - SUBJECT ADDED ENTRY--TOPICAL TERM
Topical term or geographic name as entry element Alphabets.
650 #0 - SUBJECT ADDED ENTRY--TOPICAL TERM
Topical term or geographic name as entry element Art deco.
906 ## - LOCAL DATA ELEMENT F, LDF (RLIN)
a 7
b cbc
c orignew
d 1
e ocip
f 19
g y-gencatlg
942 ## - ADDED ENTRY ELEMENTS (KOHA)
Source of classification or shelving scheme
Koha item type Hard Covered Materials
Classification part NK 3625 .A7C67 1985
Holdings
Withdrawn status Lost status Source of classification or shelving scheme Damaged status Not for loan Home library Current library Shelving location Date acquired Source of acquisition Total Checkouts Full call number Barcode Date last seen Price effective from Koha item type
          MACHAKOS UNIVERSITY LIBRARY MACHAKOS UNIVERSITY LIBRARY Technical section 26/01/2017 Donation (BFA)   NK 3625 .A7C67 1985 31867 06/07/2018 26/01/2017 Hard Covered Materials
© Machakos University Library, Along The Highway, Machakos Wote Rd, Machakos, Kenya P.O. Box 136 - 90100 Machakos - Kenya

Tel: ( +254 ) 723 805829 OR Fax : 044-20353 OR Email: library@mksu.ac.ke